Handbook of agriculture in India / (Record no. 27649)

MARC details
000 -LEADER
fixed length control field 01034nam a22002774a 4500
005 - DATE AND TIME OF LATEST TRANSACTION
control field 20090619143540.0
008 - FIXED-LENGTH DATA ELEMENTS--GENERAL INFORMATION
fixed length control field 070416s2007 ii ab bf 000 0 eng
010 ## - LCCN (DPL NO)
LC control number ENG-94126
020 ## - INTERNATIONAL STANDARD BOOK NUMBER
International Standard Book Number 9780198062516
Terms of availability 345.00
020 ## - INTERNATIONAL STANDARD BOOK NUMBER
International Standard Book Number 0198062516
Terms of availability 345.00
035 ## - SYSTEM CONTROL NUMBER
System control number EN-77659
037 ## - SOURCE OF ACQUISITION
Source of stock number/acquisition DBAD / PUB
040 ## - CATALOGING SOURCE
Original cataloging agency dpl
Language of cataloging English
082 ## - DEWEY DECIMAL CLASSIFICATION NUMBER
Classification number 630.954
245 ## - TITLE STATEMENT
Title Handbook of agriculture in India /
Statement of responsibility, etc edited by Shovan Ray
260 ## - PUBLICATION, DISTRIBUTION, ETC. (IMPRINT)
Place of publication, distribution, etc New Delhi
Name of publisher, distributor, etc Oxford University Press
Date of publication, distribution, etc 2009
270 ## - ADDRESS
Address YMCA Library Building, Jai Singh Road,
City New Delhi
Postal code 110001
300 ## - PHYSICAL DESCRIPTION
Extent xv, 231 p. :
Other physical details ill., maps ;
Dimensions 25cm(pbk)
490 ## - SERIES STATEMENT
Series statement Oxford India handbooks
500 ## - GENERAL NOTE
General note Includes bibliographical references.
520 ## - SUMMARY, ETC.
Summary, etc Contributed articles.
650 ## - SUBJECT ADDED ENTRY--TOPICAL TERM
Topical term or geographic name as entry element Agriculture
Geographic subdivision India.
700 ## - ADDED ENTRY--PERSONAL NAME
Personal name Ray, Shovan
942 ## - ADDED ENTRY ELEMENTS (KOHA)
Source of classification or shelving scheme Dewey Decimal Classification
Item type English Books
Call number suffix HAB
Classification part 630.954
Holdings
Withdrawn status Lost status Source of classification or shelving scheme Damaged status Not for loan Collection code Home library Current library Date acquired Source of acquisition Cost, normal purchase price Total Checkouts Full call number Barcode Date last seen Copy number Cost, replacement price Koha item type
    Dewey Decimal Classification   Not For Loan Non-fiction D.B.Act.Division D.B.Act.Division 19/06/2009 DBAD / PUB 345.00   630.954 HAB EN-77659 19/06/2009 1 345.00 English Books

© Delhi Public Library
Hit Counter
free hit counter